000 00545nam a22002297a 4500
003 UA-OsUOA
001 42252
007 ta
008 20081204b un ||||| |||| 00| 0 ukr d
100 _aСтечишин Михайло
090 _a242
_bС79
942 _cBK
040 _aUA-OsUOA
_bukr
_cUA-OsUOA
_dUA-OsUOA
245 _aСв. Петро й Рим
300 _a176 с.
955 _a4
041 _aukr
080 _a242
260 _aВінніпег
_c1964
650 7 _a2 Релігія. Теологія.
_2UDC
999 _c440750
_d440750